• 首页
  • 本馆介绍
  • 公告通知
  • 最新文献
  • 馆藏检索
  • 电子资源
  • 读者导购
  • 参考咨询
  • 我的图书馆
  • 登录
  • 详细信息显示
  • 放入我的书架
  • 预约/预借图书
  • 作者相关作品
  • 分类相关作品
  • 丛书相关作品
  • 出版社相关作品

书目信息

  • 表格格式
  • 工作单格式
  • 卡片格式
题名:
从赫尔利到马歇尔
    
 
作者: 牛军 著
分册:  
出版信息: 北京   东方出版社  2009.12
页数: 281页
开本: 24cm
丛书名:
单 册:
中图分类: D871.29
科图分类:
主题词: 美国对外政策--对华政策--作用--国共合作 , 美国对外政策 , 对华政策 , 国共合作
电子资源:
ISBN: 978-7-5060-3415-9
000 00906nam0 2200277 450
001 012010030662
005 20120618153626.18
010    @a978-7-5060-3415-9@dCNY38.00
100    @a20100112d2009 em y0chiy0110 ea
101 0  @achi
102    @aCN@b110000
105    @aac z 000yy
106    @ar
200 1  @a从赫尔利到马歇尔@9cong he er li dao ma xie er@e美国调处国共矛盾始末@f牛军著
210    @a北京@c东方出版社@d2009.12
215    @a281页@c图,肖像@d24cm
330    @a本书主要内容包括:走进泥潭、从独角骊到二重唱、冲突的焦点、难咽的苦果、“无法在水上步行”。
517 1  @a美国调处国共矛盾始末@9mei guo tiao chu guo gong mao dun shi mo
606 0  @a美国对外政策@x对华政策@x作用@x国共合作
606 0  @a美国对外政策
606 0  @a对华政策
606 0  @a国共合作
690    @aD871.29@v4
701  0 @a牛军@9niu jun@4著
801  0 @aCN@bRENTIAN@c20100325
905    @b540618-22@dD871.29@e62@f5
    
    从赫尔利到马歇尔:美国调处国共矛盾始末/牛军著.-北京:东方出版社,2009.12
    281页:图,肖像;24cm
    
    
    ISBN 978-7-5060-3415-9:CNY38.00
    本书主要内容包括:走进泥潭、从独角骊到二重唱、冲突的焦点、难咽的苦果、“无法在水上步行”。
●
相关链接 在E读中查询图书 在五车中查询图书 在当当中查询图书 在豆瓣中查询图书


正题名:从赫尔利到马歇尔     索取号:D871.29/62         预约/预借

序号 登录号 条形码 馆藏地/架位号 状态 备注
1 540618   205406185   第一样本阅览室/ [索取号:D871.29/62] 在馆    
2 540619   205406194   第一借阅区/ [索取号:D871.29/62] 在馆    
3 540620   205406201   第一借阅区/ [索取号:D871.29/62] 在馆    
4 540621   205406210   第一借阅区/ [索取号:D871.29/62] 在馆    
5 540622   205406229   第一借阅区/ [索取号:D871.29/62] 在馆    
唐山师范学院图书馆 欢迎您!
大连网信软件有限公司© 版权所有